01662nam a2200337 4500001000400000003000400004005001700008008004100025020001800066040000800084041001300092082001500105100002800120240002200148245006900170260003200239300001100271490002400282500005700306520062000363650002900983650002401012650001901036655001601055655002001071700003501091830002901126942001501155952014101170999001301311186OSt20250528074014.0250131b |||||||e |||| 00| 1 eng d a9788565530385 bpor hengapor a813bD273p1 aDay, Sylviad1973-9345 aEntwined with you aPara sempre sua /cDay, Sylvia ; Tradução de Alexandre Boide aSão PaulobParalelac2013 a361 p.1 aCrossfirevLivro 03 aPara sempre sua Sequência de : Profundamente sua a"A partir do momento que conheci Gideon Cross, senti nele algo que eu precisava. Algo ao qual eu não podia resistir. Vi a perigosa e descuidada alma dentro dele – tão parecida com a minha. Estava atraída por ele. Precisava dele assim como precisava de meu coração batendo. Ninguém sabe o quanto ele se arriscou por mim. Como eu tinha sido ameaçada ou somente a quão escura e desesperadora a sombra de nosso passado se tornaria. Envolvidos pelos nossos segredos, tentamos desafiar as evidências. Fizemos nossas próprias regras e nos rendemos completamente ao sensual poder de ser possuído..." 0aLiteratura Americana984 0aAmor e Paixão925 0aErótico9305 0aRomance923 0aFicção 922 aAlexandre BoidieTradutor9248 aCrossfirevLivro 039346 2ddcn0cBK 00102ddc3vol. 0340708FICaBIBIBbBIBIBcLEd2014-03-21edoaçãol0o813 / D273pp2025-14866r2025-01-31 07:47:58w2025-01-31yBK c186d186